000 01022nam a2200277Ia 4500
003 OSt
005 20220923211215.0
006 a|||||r|||| 00| 0
007 ta
008 220922b |||||||| |||| 00| 0 hin d
020 _a9788126320028 (hbk)
_c760
024 _a277,416
037 _b251, 24/10/2013, Swaraj Prakashan
_cTextual
040 _aARTS
_cARTS
_bhin
041 _2hin
_ahin
082 _aO152,3N4212,SK, Q0
100 _aकपिला, मधुर
_9156324
245 0 _aसामने का आसमान
246 _aSāhine kā āsamāna
260 _aनयी दिल्ली
_b भारतीय ज्ञानपीठ
_c2010
300 _a378पृ.
_ccm.
490 _aलोकोदय ग्रन्थमाला; ग्रन्थांक 1055
650 _aहिन्दी साहित्य
_9156264
942 _hO152,3N4212,SK, Q0
_cTEXL
_2CC
999 _c296864
_d296864